Catálogo
 En Linea

Historia de la cultura dominicana : (Registro nro. 51919)

Detalles MARC
000 -CABECERA
campo de control de longitud fija 03174nam a2200313 a 4500
003 - IDENTIFICADOR DEL NÚMERO DE CONTROL
campo de control DO-SdBNP
005 - FECHA Y HORA DE LA ÚLTIMA TRANSACCIÓN
campo de control 20240316073906.0
007 - CAMPO FIJO DE DESCRIPCIÓN FÍSICA--INFORMACIÓN GENERAL
campo de control de longitud fija ta
008 - DATOS DE LONGITUD FIJA--INFORMACIÓN GENERAL
campo de control de longitud fija 220603e2017 dr ao||gr|||| 001 edspa d
020 ## - NÚMERO INTERNACIONAL ESTÁNDAR DEL LIBRO
Número Internacional Estándar del Libro 9789945462982
040 ## - FUENTE DE LA CATALOGACIÓN
Centro catalogador/agencia de origen DO-SdBNP
Lengua de catalogación spa
Centro/agencia transcriptor BNPHU
082 #4 - NÚMERO DE LA CLASIFICACIÓN DECIMAL DEWEY
Número de clasificación 972.93
Número de documento/Ítem V443h 2017
Número de edición 22
100 1# - ENTRADA PRINCIPAL--NOMBRE DE PERSONA
Nombre de persona Veloz Maggiolo, Marcio,
Fechas asociadas al nombre 1936-2021
9 (RLIN) 1104
245 10 - MENCIÓN DE TÍTULO
Título Historia de la cultura dominicana :
Resto del título momentos formativos /
Mención de responsabilidad, etc. Marcio Veloz Maggiolo; prólogo, José Chez Checo.
250 ## - MENCIÓN DE EDICIÓN
Mención de edición 2a. ed. corr. y ampl.
260 ## - PUBLICACIÓN, DISTRIBUCIÓN, ETC.
Lugar de publicación, distribución, etc. Santo Domingo :
Nombre del editor, distribuidor, etc. Comisión Permanente de Efemérides Patrias,
Fecha de publicación, distribución, etc. 2017
300 ## - DESCRIPCIÓN FÍSICA
Extensión 369 p. :
Otras características físicas il., fotogr. ;
Dimensiones 23 cm.
500 ## - NOTA GENERAL
Nota general Incluye datos biográficos del autor en la solapa de la portada y biografía completa, p. 351- 355 .
504 ## - NOTA DE BIBLIOGRAFÍA, ETC.
Nota de bibliografía, etc. Bibliografía: p. 357-364
505 0# - NOTA DE CONTENIDO CON FORMATO
Nota de contenido con formato Presentación --
Título Prólogo /
Mención de responsabilidad José Chez Checo.--
Título Palabras liminares.--
-- Introducción.--
-- El espacio caribeño.--
-- La visión etnocéntrica.--
-- Las lenguas europeas como separadoras.--
-- Nuestra razón isleña.--
-- Las sociedades iniciales y las culturales tempranas.--
-- Los modelos sociales originarios.--
-- Las culturas agrícolas.--
-- Las sociedades indígenas, tierra, agricultura y alimentos.--
-- La sociedad taína. Resumen.--
-- La llegada del europeo.
-- La ruptura de las formas estéticas.--
505 0# - NOTA DE CONTENIDO CON FORMATO
Nota de contenido con formato Los primeros mestizajes.--
Mención de responsabilidad Adaptaciones culturales hispano-indígenas.--
Título Santo Domingo (1496-98).--
-- La ciudad de Ovando.--
-- La economía inicial de la Colonia.--
-- 1605- 1606. El primer asomo de identidad.--
-- Crisis en el siglo XVII.--
-- La diferencia isleña.--
-- La identidad bélica.--
-- Cultura y letras.--
-- La patria del criollo.--
-- Vida, festividad y herencias formativas.--
-- Calenda y fandango.--
-- Las serenatas o serenatos.--
-- Los compadrazgos.--
-- La remisión de materiales culturales.--
-- Los primero bailes de sociedad.--
-- La supervivencia formativa.--
-- La etapa formativa borbónica y la cultura.--
-- Las reprobaciones como política borbónica.--
-- Datos para el "formativo".--
-- La transición criolla, S. XVII- XVIII.--
-- Un aparte canario.--
-- Poblados hateros.--
-- Costumbres urbanas.--
-- Del formativo criollo.--
-- Efectos culturales de la ocupación francesa.--
-- Sobre la consagración del mestizaje.--
-- El código negro.--
-- Apuntes sobre la clasificación racial.--
-- Educación en el período formativo.--
-- La decadencia de la cultura borbónica dominicana.--
-- El hombre dominicano en las crónicas francesas (1800- 1809).--
-- Siglos XVII y XVIII. Aspectos populares.--
-- El carnaval, mascaradas y carnestolendas.--
-- Vida festiva durante el siglo XVIII.--
-- Ritual de cohesión social.--
-- Algunas matrices formativas de nuestra vida cultural.--
-- Literatura y colonia.--
-- La criollizanción.
-- Resumen histórico.--
-- Palabras finales.--
-- Biografía.--
-- Bibliografía.
590 ## - NOTA LOCAL (RLIN)
Nota local Inventariado 2022 / MF
651 #4 - PUNTO DE ACCESO ADICIONAL DE MATERIA--NOMBRE GEOGRÁFICO
9 (RLIN) 27818
Nombre geográfico República Dominicana
Subdivisión general Historia
651 #4 - PUNTO DE ACCESO ADICIONAL DE MATERIA--NOMBRE GEOGRÁFICO
9 (RLIN) 281
Nombre geográfico República Dominicana
Subdivisión general Condiciones sociales
651 #4 - PUNTO DE ACCESO ADICIONAL DE MATERIA--NOMBRE GEOGRÁFICO
9 (RLIN) 43380
Nombre geográfico República Dominicana
Subdivisión general Vida social y costumbres
-- Historia
700 1# - PUNTO DE ACCESO ADICIONAL--NOMBRE DE PERSONA
Nombre de persona Chez Checo, José,
Fechas asociadas al nombre 1949-
Término indicativo de función/relación pról.
9 (RLIN) 10145
910 ## - DATOS DE OPCIÓN DEL USUARIO (OCLC)
Datos de opción del usuario MFeliz/Validado.Control de calidad MFF
942 ## - ELEMENTOS DE PUNTO DE ACCESO ADICIONAL (KOHA)
Fuente del sistema de clasificación o colocación Dewey Decimal Classification
Tipo de ítem Koha Libro
Existencias
Estado de retiro Estado de pérdida Fuente del sistema de clasificación o colocación Restricciones de uso No para préstamo Código de colección Localización permanente Ubicación/localización actual Ubicación en estantería Fecha de adquisición Signatura topográfica completa Código de barras Fecha visto por última vez Precio válido a partir de Tipo de ítem Koha Número de copia
    Dewey Decimal Classification Excluido de préstamo   Patrimonio Dominicano Biblioteca Nacional Pedro Henríquez Ureña Biblioteca Nacional Pedro Henríquez Ureña Depósito 03.06.2022 BNPHU PD 972.93 V443h 2017 2022-2692 03.06.2022 03.06.2022 Libro  
    Dewey Decimal Classification Excluido de préstamo   Patrimonio Dominicano Biblioteca Nacional Pedro Henríquez Ureña Biblioteca Nacional Pedro Henríquez Ureña Depósito 30.09.2022 BNPHU PD 972.93 V443h 2017 2022-4119 30.09.2022 30.09.2022 Libro e.2
    Dewey Decimal Classification Préstamo en sala   Dominicana de Servicio Biblioteca Nacional Pedro Henríquez Ureña Biblioteca Nacional Pedro Henríquez Ureña Depósito 30.09.2022 BNPHU DS 972.93 V443h 2017 2022-4120 30.09.2022 30.09.2022 Libro e.3

Con tecnología Koha